000 00200 a2200097 4500
001 2575
100 _aKing, Stephen
245 _aChristine
260 _a
_bNew English Library
_c
090 _c1872
_d1872
942 _aNUST-CAE
_cM
_c9691
999 _c237648
_d237648